000 00600nam a2200181Ia 4500
003 GCL
008 140319s9999 xx 000 0 ara d
040 _aGCL /
_cGCL
082 0 4 _a210.1
_bا ا
100 1 _aامنه محمد نصير
245 1 0 _aابوالفرج ابن الجوزى 510 هـ - 597 هـ اراءوه الكلاميه والاخلاقيه /
_cامنه محمد نصير
260 _a[S.N] :
_bدار الشروق ،
_c1987
300 _a281 ص
490 _a
650 0 4 _aالفلسفة الاسلامية
650 0 4 _aابوالفرج بن الجوزى
942 _2ddc
_cBK
999 _c52614
_d52614